| 000 | 00494cam a2200181ua 4500 | ||
|---|---|---|---|
| 001 | 361 | ||
| 008 | 110330n ii |||gr||||Z||||||eng | ||
| 040 | _cMAIN | ||
| 082 | _a320.5 | ||
| 245 | 1 |
_aGreat political thinkers. : _beast & west. / _cBy Ram Chandra Gupta. |
|
| 250 | _a8th. | ||
| 260 |
_aNew Delhi.: _bLakshi narayan agarwall.,997. |
||
| 300 | _aviii, 551 p.:5 cm. | ||
| 653 | _aPolitical science. | ||
| 653 | _aGreat political thinkers. | ||
| 700 | 1 | _aGupta, Ram Chandra., | |
| 942 | _cBK | ||
| 999 |
_c309 _d309 |
||